RAINFEED FARMING (Record no. 25694)

MARC details
000 -LEADER
fixed length control field 00297nam a22001457a 4500
003 - CONTROL NUMBER IDENTIFIER
control field SGT
020 ## - INTERNATIONAL STANDARD BOOK NUMBER
International Standard Book Number 978-81-272-6739-1
082 ## - DEWEY DECIMAL CLASSIFICATION NUMBER
Classification number 638
Item number JAT
100 ## - MAIN ENTRY--PERSONAL NAME
Personal name JAT, M.L.
245 ## - TITLE STATEMENT
Title RAINFEED FARMING
260 ## - PUBLICATION, DISTRIBUTION, ETC. (IMPRINT)
Place of publication, distribution, etc DELHI
Name of publisher, distributor, etc KALYANI
Year of Publication 2019
300 ## - PAGE DESCRIPTION
No. of Pages 334
650 ## - SUBJECT ADDED ENTRY--TOPICAL TERM
Topical term or geographic name as entry element FARMING
942 ## - ADDED ENTRY ELEMENTS (KOHA)
Source of classification or shelving scheme Dewey Decimal Classification
Koha item type Books
Holdings
Withdrawn status Lost status Source of classification or shelving scheme Damaged status Not for loan Home library Current library Shelving location Date acquired Vendor Name Cost, normal purchase price SGTU Bill Number Full call number Accession No. (Barcode) Date last seen Bill Date Koha item type Total Checkouts
    Dewey Decimal Classification   Not For Loan SGT Science & Social Sciences Library SGT Science & Social Sciences Library Reference Book 21/02/2024 KALYANI 325.00 SGTU 2140 638 JAT AG2426 21/02/2024   Books  
    Dewey Decimal Classification     SGT Science & Social Sciences Library SGT Science & Social Sciences Library Text Book 21/02/2024 KALYANI 325.00 SGTU 2140 638 JAT AG2427 21/02/2024   Books